LEADER 01077nam0-22002891i-450 001 990006100920403321 005 20230217120255.0 035 $a000610092 035 $aFED01000610092 035 $a(Aleph)000610092FED01 100 $a19980601d1990----km-y0itay50------ba 101 0 $aita 102 $aIT 105 $a--------00-yy 200 1 $aTra conflitto e partecipazione$eun'indagine empirica sul protocollo IRI e sui diritti di informazione$ericerca promossa dalla CGIL$fa cura di Maurizio Ricci, Bruno Veneziani ;prefazione di Fausto Bertinotti 210 $aBari$cCacucci$d1990 215 $aXIV, 200 p.$d23 cm 225 1 $aUniversita' degli Studi di Bari. Ricerche di diritto del lavoro e di relazioniindustriali / dirette da B. Veneziani e M.G. Garofalo$v1 324 $aRistampa anastatica dell'edizione del 1988 676 $a331.88$v23$zita 801 0$aIT$bUNINA$gREICAT$2UNIMARC 901 $aBK 912 $a990006100920403321 952 $aUNIV. 496 (1)$b18488*$fFGBC 959 $aFGBC 996 $aTra conflitto e partecipazione$965975 997 $aUNINA